Magánszálláshelyek helyzete a Balaton turisztikai régióban
| Main Author: | |
|---|---|
| Other Authors: | |
| Format: | Thesis |
| Kulcsszavak: | Balaton kereslet kínálat magánszálláshely motiváció |
| Online Access: | http://dolgozattar.uni-bge.hu/60084 |
MARC
| LEADER | 00000nta a2200000 i 4500 | ||
|---|---|---|---|
| 001 | dolg60084 | ||
| 005 | 20260409145951.0 | ||
| 008 | 260409suuuu hu om 000 hun d | ||
| 040 | |a BGE Dolgozattár Repozitórium |b hun | ||
| 041 | |a hu | ||
| 100 | 1 | |a Vígh Adél Viktória | |
| 245 | 1 | 0 | |a Magánszálláshelyek helyzete a Balaton turisztikai régióban |c Vígh Adél Viktória |h [elektronikus dokumentum] |
| 520 | 3 | |a A Balaton turisztikai régió szerepe kiemelkedő, mivel a szezonban a szálláshelyek összesen akár 40 ezer szobát is kínálnak. A vendégéjszakák száma évente 8,3 millió és ez a szám folyamatosan emelkedik. Ebből több mint negyede a külföldi turisták által került bejegyzésre. Különösen fontos, hogy a Balaton megítélése mind a fiatalabb, mind az idősebb generációk szemében kedvező legyen. Bár a szolgáltatások évről évre javulnak, még mindig vannak helyek, ahol elmaradnak a kívánt szinttől. A szakdolgozatom témáját személyes tapasztalataim és érdeklődésem alapján választottam, mivel családom birtokában van egy ház a Balaton partján, amelyet a jövőben magánszálláshellyé alakíthatnánk. Ez számomra különösen releváns téma, mivel az átalakítás előtt szeretném megérteni a turisták igényeit és preferenciáit, hogy a legjobban kihasználhassuk a régió turizmusában rejlő lehetőségeket. A Balaton turisztikai régió, mint Magyarország egyik legfontosabb turisztikai célpontja, számos lehetőséget kínál a szálláshelyek számára, de a verseny is rendkívül éles. A kutatásom célja, hogy feltérképezzem, hogy milyen típusú szálláshelyekre van valós kereslet a Balatonon, és hogy van-e igény a prémium kategóriás, magasabb árú magánszálláshelyekre. Emellett fontos számomra, hogy meghatározzam, hogy az ilyen típusú szálláshelyek számára létezik-e elég kereslet, és hogy melyik korosztályokat és milyen típusú turistákat érdemes megcélozni. Különösen fontos számomra annak vizsgálata is, hogy milyen kihívásokkal kell szembenézniük a magánszálláshelyek üzemeltetőinek. Milyen jogszabályok, minőségellenőrzések, versenyképességi tényezők és egyéb külső hatások befolyásolják a magánszálláshelyek működését? A kutatás során arra is választ keresek, hogy milyen nehézségekkel szembesülhetnek a magánszálláshelyek, és hogy ezekből melyek azok, amelyek megfelelő intézkedésekkel kiküszöbölhetők. A jogszabályi háttér és a minőségellenőrzési rendszer alapvető szerepet játszik a szálláshelyek versenyképességében is. A dolgozatom célja, hogy átfogó képet adjon a magánszálláshelyek jelenlegi helyzetéről, a szektorban rejlő lehetőségekről és kihívásokról, valamint a jövőbeli kilátásokról. A kutatás során interjúk, a fogyasztói igények, valamint a szabályozási környezet figyelembevételével próbálom felmérni, hogy hogyan alakulhat a magánszálláshelyek jövője a Balaton turisztikai régiójában, és hogyan lehet sikeresen alakítani egy új szálláshelyet. | |
| 695 | |a Balaton | ||
| 695 | |a kereslet | ||
| 695 | |a kínálat | ||
| 695 | |a magánszálláshely | ||
| 695 | |a motiváció | ||
| 700 | 1 | |a Kálmán István |e ths | |
| 856 | 4 | 0 | |u http://dolgozattar.uni-bge.hu/60084/1/Szakdolgozat%20K%C3%89SZK%C3%89SZ1_2.pdf |z Dokumentum-elérés |
| 856 | 4 | 0 | |u http://dolgozattar.uni-bge.hu/60084/2/Szakdolgozat%20%C3%A9rt%C3%A9kel%C5%91%20Bsc.pdf |z Dokumentum-elérés |
| 856 | 4 | 0 | |u http://dolgozattar.uni-bge.hu/60084/3/V%C3%ADgh%20Ad%C3%A9l%20Vikt%C3%B3ria%20-%20opponens%20-%20B%C3%ADr%C3%A1lati%20lap.pdf |z Dokumentum-elérés |